Atil: Tulu kabitelna gonchil (Record no. 214928)
[ view plain ]
| 000 -LEADER | |
|---|---|
| fixed length control field | 00649nam a2200193Ia 4500 |
| 003 - CONTROL NUMBER IDENTIFIER | |
| control field | OSt |
| 005 - DATE AND TIME OF LATEST TRANSACTION | |
| control field | 20240610145252.0 |
| 008 - FIXED-LENGTH DATA ELEMENTS--GENERAL INFORMATION | |
| fixed length control field | 210719s1992 xx 000 0 und d |
| 040 ## - CATALOGING SOURCE | |
| Transcribing agency | AL |
| 041 ## - LANGUAGE CODE | |
| Language code of text/sound track or separate title | Tulu |
| 082 ## - DEWEY DECIMAL CLASSIFICATION NUMBER | |
| Classification number | T894.1 VASA |
| 100 ## - MAIN ENTRY--PERSONAL NAME | |
| Personal name | VASANTA KUMAR PERLA and others |
| Dates associated with a name | ವಸಂತ ಕುಮಾರ್ ಪೆರ್ಲ |
| 9 (RLIN) | 169886 |
| 245 ## - TITLE STATEMENT | |
| Title | Atil: Tulu kabitelna gonchil |
| Remainder of title | ಅಟಿಲ್:ತುಳು ಕಬಿತೆಲೆನ ಗೊಂಚಿಲ್ |
| 260 ## - PUBLICATION, DISTRIBUTION, ETC. | |
| Place of publication, distribution, etc. | Mangaluru |
| Name of publisher, distributor, etc. | Akhila Bharata Tulu Okkuta |
| Date of publication, distribution, etc. | 1992 |
| 300 ## - PHYSICAL DESCRIPTION | |
| Extent | 18 |
| Other physical details | PB |
| 365 ## - TRADE PRICE | |
| Price amount | 5 |
| Currency code | Rs |
| 906 ## - LOCAL DATA ELEMENT F, LDF (RLIN) | |
| a | Atil ; Baduku ; baraha ; gonchil ; kabitelna ; Tulu |
| 942 ## - ADDED ENTRY ELEMENTS (KOHA) | |
| Source of classification or shelving scheme | Dewey Decimal Classification |
| Koha item type | Book |
| Withdrawn status | Lost status | Damaged status | Not for loan | Collection code | Home library | Current library | Date acquired | Cost, normal purchase price | Total Checkouts | Full call number | Barcode | Date last seen | Price effective from | Koha item type |
|---|---|---|---|---|---|---|---|---|---|---|---|---|---|---|
| Tulu | St Aloysius Library | St Aloysius Library | 11/29/2008 | 5.00 | T894.1 VASA | D03544 | 07/19/2021 | 07/19/2021 | Donated Books |